UBT Library

The New Webster's Spelling Dictionary (Record no. 57327)

000 -LEADER
fixed length control field 00325nam a22001457a 4500
008 - FIXED-LENGTH DATA ELEMENTS--GENERAL INFORMATION
fixed length control field 210514b ||||| |||| 00| 0 eng d
020 ## - INTERNATIONAL STANDARD BOOK NUMBER
International Standard Book Number 071831004994
041 ## - LANGUAGE CODE
Language code of text/sound track or separate title eng
080 ## - UNIVERSAL DECIMAL CLASSIFICATION NUMBER
Universal Decimal Classification number 038
082 ## - DEWEY DECIMAL CLASSIFICATION NUMBER
Classification number 038
100 ## - Rafti
Rafti 24
101 ## - Shkurtesa
Shkurtesa FJA
245 ## - TITLE STATEMENT
Title The New Webster's Spelling Dictionary
Statement of responsibility, etc Webster,
942 ## - ADDED ENTRY ELEMENTS (KOHA)
Source of classification or shelving scheme
Item type Books
Holdings
Withdrawn status Lost status Source of classification or shelving scheme Damaged status Not for loan Collection code Permanent location Current location Shelving location Date acquired Total Checkouts Full call number Barcode Date last seen Price effective from Koha item type
          Koleksioni i përgjithshem UBT - Lipjan UBT - Lipjan Koleksioni i përgjithshem 05/14/2021   038 WEB 002-5000934 05/14/2021 05/14/2021 Books
UBT Library © 2015-2024. All rights reserved University Education for Business and Technology